000
00235nam a2200097Ia 4500
001
643385
005
20250826153544.0
008
250824s9999 xx 000 0 und d
245
0
_a
KOLEJ GÜNLERİ
_c
BERNARD FRIOT
260
_b
GENÇ TİMAŞ
999
_c
643385
_d
643385